00446nam a2200169Ia 4500003000900000008004100009020001800050040001600068080001600084100001700100245005300117260003200170300001600202650002200218650001900240650001700259IN-BaIIA211028s9999 xx 000 0 eng d a0-07-136493-5 cIIA Library a681.32bRIT aRitter, D. J 0aLab view GUIbessential techniquescD. J. Ritter aNew YorkbMcGraw-Hillc2002 axxiv, 562p. aGUI design models aGUI techniques aSuperior GUI